000 00630nam a2200193Ia 4500
003 OSt
005 20240515155315.0
008 210210b1992 xxu||||| |||| 00| 0 eng d
040 _cAL
041 _aHindi
082 _aH891.8 BHAA
100 _aBHATIYA (Kailashchandr).
_dकैलाशचंद्र भाटिया
_9164718
245 _aAngreji hindi shabdon ka tik prayog
_bअंग्रेजी - हिंदी शब्दोंका ठीक प्रयोग
260 _aDilli
_bPrabhat Prakashan
_c1992
300 _a236
690 _aHindi Miscellaneous
_9164719
906 _a050865
942 _2ddc
_cBK
999 _c99492
_d99492